Library Banner

(تولیدی صحت اور حقوق)Toleedi sehat aur haqooq (Urdu) (Record no. 47036)

MARC details
000 -LEADER
fixed length control field 00656nam a2200205Ia 4500
001 - CONTROL NUMBER
control field 49277
003 - CONTROL NUMBER IDENTIFIER
control field OSt
005 - DATE AND TIME OF LATEST TRANSACTION
control field 20160315113306.0
008 - FIXED-LENGTH DATA ELEMENTS--GENERAL INFORMATION
fixed length control field 140430s9999 xx 000 0 und d
020 ## - INTERNATIONAL STANDARD BOOK NUMBER
International Standard Book Number NA
040 ## - CATALOGING SOURCE
Transcribing agency PK-LaUMT
082 ## - DEWEY DECIMAL CLASSIFICATION NUMBER
Classification number 613.9P
Item number REH-T
100 ## - MAIN ENTRY--PERSONAL NAME
Personal name Rehana Kariyapar
245 ## - TITLE STATEMENT
Title (تولیدی صحت اور حقوق)Toleedi sehat aur haqooq (Urdu)
Remainder of title (تلخ حقیقت بےنقاب)talakh haqaaiq baynaqaab
Statement of responsibility, etc (ریحانہ )Rehana Kariyapar
260 ## - PUBLICATION, DISTRIBUTION, ETC. (IMPRINT)
Place of publication, distribution, etc (لاہور، پاکستان)Lahore,Pakistan:
Name of publisher, distributor, etc (شرکت گاہ)Shirkat Gah,
Date of publication, distribution, etc 2007
300 ## - PHYSICAL DESCRIPTION
Extent 87 p.
546 ## - LANGUAGE NOTE
Language note UR
650 ## - SUBJECT ADDED ENTRY--TOPICAL TERM
Topical term or geographic name as entry element Birth control-Health
942 ## - ADDED ENTRY ELEMENTS (KOHA)
Koha item type Books
Source of classification or shelving scheme Dewey Decimal Classification
Holdings
Withdrawn status Lost status Damaged status Not for loan Home library Current library Date acquired Total Checkouts Full call number Barcode Date last seen Price effective from Koha item type
        UMT Main Campus UMT Main Campus 2014-04-30   613.9P REH-T 59196 2014-05-06 2014-05-06 Books